Melbourne Demons Best and Fairest Winners - Statistics

General Stats
  • This quiz has been taken 104 times
    73 since last reset
  • The average score is 39 of 89
Answer Stats
Year Player % Correct
2020 Christian Petracca
100%
2017 Clayton Oliver
95%
2019 Clayton Oliver
95%
2021 Clayton Oliver
95%
2022 Clayton Oliver
95%
2016 Jack Viney
95%
2018 Max Gawn
95%
2019 Max Gawn
95%
1961 Ron Barassi
89%
1964 Ron Barassi
89%
1993 Todd Viney
89%
1998 Todd Viney
89%
2002 David Neitz
84%
2012 Nathan Jones
84%
2013 Nathan Jones
84%
2014 Nathan Jones
84%
1938 Norm Smith
84%
1944 Norm Smith
84%
1981 Steven Smith
84%
2010 Brad Green
79%
1991 Jim Stynes
74%
1995 Jim Stynes
74%
1996 Jim Stynes
74%
1997 Jim Stynes
74%
1977 Robert Flower
68%
2000 Shane Woewodin
68%
2008 Cameron Bruce
63%
1990 Garry Lyon
63%
1994 Garry Lyon
63%
2006 James McDonald
63%
2007 James McDonald
63%
1983 Alan Johnson
58%
1989 Alan Johnson
58%
1962 Hassa Mann
58%
1963 Hassa Mann
58%
1967 Hassa Mann
58%
2003 Russell Robertson
58%
2015 Bernie Vince
53%
1999 David Schwarz
53%
2009 Aaron Davey
47%
2001 Adem Yze
47%
2005 Travis Johnstone
42%
1985 Danny Hughes
37%
2004 Jeff White
37%
1987 Steven Stretch
37%
1935 Allan La Fontaine
32%
1936 Allan La Fontaine
32%
1941 Allan La Fontaine
32%
1942 Allan La Fontaine
32%
1984 Gerard Healy
32%
1986 Greg Healy
32%
1971 Greg Wells
32%
1976 Greg Wells
32%
1988 Steven O'Dwyer
32%
1960 Brian Dixon
26%
2011 Brent Moloney
21%
1973 Carl Ditterich
21%
1992 Glenn Lovett
21%
1972 Stan Alves
21%
1974 Stan Alves
21%
1955 Stuart Spencer
21%
1956 Stuart Spencer
21%
1950 Denis Cordner
16%
1954 Denis Cordner
16%
1943 Don Cordner
16%
1975 Laure Fowler
16%
1979 Laurie Fowler
16%
1980 Laurie Fowler
16%
1970 Frank Davis
11%
1982 Steven Icke
11%
1945 Fred Faning
5%
1937 Jack Mueller
5%
1939 Jack Mueller
5%
1946 Jack Mueller
5%
1957 John Beckwith
5%
1965 John Townsend
5%
1969 John Townsend
5%
1953 Ken Melville
5%
1958 Laurie Mithen
5%
1959 Laurie Mithen
5%
1948 Alby Rodda
0%
1978 Garry Baker
0%
1952 Geoff McGivern
0%
1949 Len Dockett
0%
1951 Noel McMahon
0%
1968 Ray Groom
0%
1940 Ron Baggott
0%
1966 Terry Leahy
0%
1947 Wally Lock
0%
No matching quizzes found
Score Distribution
Percent of People with Each Score
Percentile by Number Answered
Your Score History
You have not taken this quiz since the last reset